| 000 | 00949nac a22002651u 4500 | ||
|---|---|---|---|
| 008 | 101007t xxu||||| |||| 00| 0 eng d | ||
| 010 | _a 2004478048 | ||
| 020 | _a1850655987 | ||
| 020 | _a9781850655985 | ||
| 035 | _a(OCoLC)ocm48784132 | ||
| 082 | 0 | 0 |
_a297.272 _bROY |
| 100 |
_aRoy, Olivier, _920115 |
||
| 245 | 1 | 0 |
_aGlobalised Islam : _bThe Search for a New Ummah / _cOlivier Roy. |
| 260 |
_aLondon : _bC. Hurst, 2002 _c2002. |
||
| 300 |
_axi, 349 p. ; _c23 cm. |
||
| 500 | _aIncludes index | ||
| 650 | 0 |
_aGlobalization _xReligious aspects _xIslam. _920116 |
|
| 650 | 0 |
_aIslam and politics _zIslamic countries. _920117 |
|
| 650 | 0 |
_aUmmah (Islam) _zIslamic countries. _920118 |
|
| 650 | 0 |
_aIslamic fundamentalism _zIslamic countries. _920119 |
|
| 650 | 0 |
_aIslamic renewal _zIslamic countries. _920120 |
|
| 651 | 0 |
_aIslamic countries _xPolitics and government. _920121 |
|
| 653 |
_bPol _cFebruary2013 |
||
| 942 |
_cBB _k297.272ROY _2ddc |
||
| 999 |
_c2768 _d2768 |
||